000 00285 a2200085 4500
020 _a978-1610911801
100 _a Robert A. Young
245 _aStewardship of the Built Environment: Sustainability, Preservation, and Reuse (Metropolitan Planning + Design)
260 _b Island Press;
_c 2012
999 _c13124
_d13124